MCU Characters by Franchises - Statistics

General Stats
  • This quiz has been taken 330 times
    180 since last reset
  • The average score is 23 of 37
Answer Stats
# Franchises Answer % Correct
5 Iron Man, Hulk, Avengers, Captain America, Spider-Man Iron Man
98%
7 Hulk, Avengers, Iron Man, Thor, Captain Marvel, Shang-Chi, She-Hulk Hulk
95%
5 Iron Man, Avengers, Captain America, Captain Marvel, Black widow Black Widow
91%
5 Captain America, Avengers, Ant-Man, Spider-Man, Captain Marvel Captain America
89%
4 Iron Man, Captain America, Spider-Man, Avengers Spider-Man
84%
3 Thor, Avengers, Doctor Strange Thor
84%
3 Ant-Man, Captain America, Avengers Ant-Man
82%
4 Thor, Avengers, Captain America, Hawkeye Hawkeye
81%
6 Iron Man, Thor, Captain America, Avengers, Captain Marvel, Spider-Man Nick Fury
80%
3 Captain America, Black Panther, Avengers Black Panther
79%
4 Captain America, Avengers, Ant-Man, The Falcon and the Winter Soldier Falcon
79%
3 Thor, Avengers, Loki Loki
78%
4 Doctor Strange, Thor, Avengers, Spider-Man Doctor Strange
77%
5 Captain America, Ant-Man, Black Panther, Avengers, The Falcon and the Winter Soldier Winter Soldier
77%
3 Guardians of the Galaxy, Avengers, Thor Star Lord
76%
3 Captain Marvel, Avengers, Shang-Chi Captain Marvel
72%
3 Guardians of the Galaxy, Avengers, Thor Rocket Raccoon
72%
4 Captain America, Avengers, WandaVision, Doctor Strange Scarlet Witch
72%
3 Guardians of the Galaxy, Avengers, Thor Groot
71%
3 Avengers, Captain America, WandaVision Vision
64%
3 Guardians of the Galaxy, Avengers, Thor Mantis
61%
3 Guardians of the Galaxy, Avengers, Thor Drax the Destroyer
59%
3 Guardians of the Galaxy, Avengers, Thor Nebula
59%
3 Iron Man, Avengers, Spider-Man Pepper Potts
59%
5 Doctor Strange, Avengers, Shang-Chi, Spider-Man, She-Hulk Wong
56%
5 Iron Man, Avengers, Captain America, Captain Marvel, The Falcon and the Winter Soldier War Machine
50%
3 Iron Man, Spider-Man, Avengers Happy Hogan
49%
4 Iron Man, Thor, Avengers, Captain Marvel Phil Coulson
44%
4 Hulk, Captain America, Avengers, Black Widow Thaddeus Ross
37%
4 Captain America, Avengers, Ant-Man, Doctor Strange Peggy Carter
36%
4 Iron Man, Captain America, Ant-Man, Avengers Howard Stark
33%
3 Captain America, Spider-Man, Avengers May Parker
24%
3 Guardians of the Galaxy, Avengers, Thor Kraglin
22%
3 The Falcon and the Winter Soldier, Black Widow, Black Panther Valentina Allegra de Fontaine
19%
4 Captain America, Black Panther, Avengers, The Falcon and the Winter Soldier Ayo
18%
3 Thor, Guardians of the Galaxy, Avengers Collector
18%
3 Thor, Avengers, Captain America Jasper Sitwell
7%
No matching quizzes found
Score Distribution
Percent of People with Each Score
Percentile by Number Answered
Your Score History
You have not taken this quiz since the last reset